|
|
|
|
| LEADER |
01295nam a22003372i 4500 |
| 001 |
001513699 |
| 003 |
CZ BrMZK |
| 005 |
20180820095234.0 |
| 007 |
ta |
| 008 |
160226s1987 pl af er|||||||||||pol d |
| 040 |
|
|
|a BOA001
|b cze
|e rda
|
| 041 |
0 |
|
|a pol
|b eng
|
| 080 |
9 |
|
|a 159.923.3:211
|
| 100 |
1 |
|
|a Chlewiński, Zdzisław,
|d 1929-2021
|7 mzk2005278315
|4 aut
|
| 245 |
1 |
0 |
|a Postawy a cechy osobowości /
|c Zdzisław Chlewiński
|
| 250 |
|
|
|a 1. wydanie
|
| 264 |
|
1 |
|a Lublin :
|b Towarzystwo Naukowe Katolickiego Uniwersytetu Lubelskiego,
|c 1987
|
| 300 |
|
|
|a 219 stran, obrazové přílohy :
|b ilustrace
|
| 336 |
|
|
|a text
|b txt
|2 rdacontent
|
| 337 |
|
|
|a bez média
|b n
|2 rdamedia
|
| 338 |
|
|
|a svazek
|b nc
|2 rdacarrier
|
| 490 |
1 |
|
|a Rozprawy Wydziału Nauk Społecznych ;
|v 20
|
| 504 |
|
|
|a Obsahuje bibliografii
|
| 546 |
|
|
|a Anglické resumé
|
| 550 |
|
|
|a Vydavatel: Towarzystwo Naukowe Katolickiego Uniwersytetu Lubelskiego
|
| 710 |
2 |
|
|a Katolicki Uniwersytet Lubelski.
|b Towarzystwo Naukowe
|7 kn20010711456
|4 isb
|
| 810 |
2 |
|
|a Towarzystwo Naukowe Katolickiego Uniwersytetu Lubelskiego.
|b Wydział Nauk Społecznych.
|t Rozprawy
|
| 910 |
|
|
|a BOA001
|b M2-0934.929
|
| 990 |
|
|
|a BK
|
| 991 |
|
|
|b 201602
|
| 996 |
7 |
|
|b 2619150655
|c M2-0934.929
|l MZK
|r Sklad / do 24 hodin
|n 0
|w 001548975
|u 000010
|a 1
|e BOA001
|j MZK50
|s A
|